书目信息 |
| 题名: |
银行客户谈判
|
|
| 作者: | 范云峰 , 张长建 著 | |
| 分册: | ||
| 出版信息: | 北京 中华工商联合出版社 2013 |
|
| 页数: | 250页 | |
| 开本: | 24cm | |
| 丛书名: | 工商智库丛书 | |
| 单 册: | ||
| 中图分类: | F830.4 | |
| 科图分类: | ||
| 主题词: | 银行业务--商务谈判 , 银行业务 , 商务谈判 | |
| 电子资源: | ||
| ISBN: | 978-7-5158-0372-2 | |
| 000 | 01142nam0 22003011 450 | |
| 001 | 519 | |
| 005 | 20140909102237.31 | |
| 010 | @a978-7-5158-0372-2@dCNY39.80 | |
| 100 | @a20121228d2013 em y0chiy50 ea | |
| 101 | 0 | @achi |
| 102 | @aCN@b110000 | |
| 105 | @ay z 000yy | |
| 106 | @ar | |
| 200 | 1 | @a银行客户谈判@AYin Hang Ke Hu Tan Pan@f范云峰,张长建著@FFan Yun Feng, Zhang Chang Jian Zhu |
| 210 | @a北京@c中华工商联合出版社@d2013 | |
| 215 | @a250页@d24cm | |
| 225 | 2 | @a工商智库丛书 |
| 300 | @a东方智库 银行营销实战 003 | |
| 330 | @a本书围绕银行营销板块进行整体构思和设计,运用大量专业理论、启发性故事、实战性案例和操作性图表,从营销视角考察银行,从银行视角考察营销,从市场视角考察银行营销。全书囊括了银行营销战略、组织、产品、客户、渠道等诸多银行营销元素,并将前瞻性的市场营销与银行转型等方面的理念与操作嵌入其中。 | |
| 461 | 0 | @12001 @a工商智库丛书 |
| 606 | 0 | @a银行业务@x商务谈判 |
| 606 | 0 | @a银行业务 |
| 606 | 0 | @a商务谈判 |
| 690 | @aF830.4@v5 | |
| 701 | 0 | @a范云峰@AFan Yun Feng@f(1964.2~)@4著 |
| 701 | 0 | @a张长建@AZhang Chang Jian@4著 |
| 801 | 0 | @aCN@bTANGWEI@c20140603 |
| 905 | @b0836721-23@dF830.4@e244@f3 | |
| 银行客户谈判/范云峰,张长建著.-北京:中华工商联合出版社,2013 |
| 250页;24cm.-(工商智库丛书) |
| 东方智库 银行营销实战 003 |
| ISBN 978-7-5158-0372-2:CNY39.80 |
| 本书围绕银行营销板块进行整体构思和设计,运用大量专业理论、启发性故事、实战性案例和操作性图表,从营销视角考察银行,从银行视角考察营销,从市场视角考察银行营销。全书囊括了银行营销战略、组织、产品、客户、渠道等诸多银行营销元素,并将前瞻性的市场营销与银行转型等方面的理念与操作嵌入其中。 |
| ● |
| 相关链接 |
|
|
|
|
正题名:银行客户谈判
索取号:F830.4/244
 
预约/预借
| 序号 | 登录号 | 条形码 | 馆藏地/架位号 | 状态 | 备注 |
| 1 | 0836721 | 208367211 | 第一样本阅览室/ [索取号:F830.4/244] | 在馆 | |
| 2 | 0836722 | 208367220 | 密集书库-海洋学院/ [索取号:F830.4/244] | 在馆 | |
| 3 | 0836723 | 208367239 | 第一借阅区/ [索取号:F830.4/244] | 在馆 |